年俸1億円超の現役選手(2026) - Statistics

General Stats
  • This quiz has been taken 39 times
  • The average score is 97 of 166
Answer Stats
年俸 現所属 ポジション Answer % Correct
12億円 巨人 投手 マルティネス
97%
2億5000万円 日本ハム 捕手 マルティネス
97%
2億円 中日 投手 柳裕也
97%
5億5000万円 ソフトバンク 外野手 近藤健介
93%
4億5000万円 阪神 内野手 佐藤輝明
93%
3億7000万円 ソフトバンク 外野手 柳田悠岐
93%
3億円 巨人 内野手 坂本勇人
93%
1億円 阪神 捕手 坂本誠志郎
93%
1億円 巨人 投手 田中将大
93%
1億円 日本ハム 投手 田中正義
93%
10億円 ソフトバンク 投手 オスナ
90%
5億円 阪神 外野手 近本光司
90%
5億円 ヤクルト 内野手 山田哲人
90%
5億円 日本ハム 投手 有原航平
90%
4億2600万円 ヤクルト 内野手 オスナ
90%
4億円 オリックス 捕手 森友哉
90%
2億5000万円 ソフトバンク 投手 上沢直之
90%
4億6500万円 ヤクルト 外野手 サンタナ
86%
3億円 阪神 投手 西勇輝
86%
3億円 巨人 捕手 甲斐拓也
86%
2億5000万円 DeNA 内野手 牧秀悟
86%
2億1000万円 阪神 外野手 森下翔太
86%
2億円 広島 投手 森下暢仁
86%
5億円 楽天 内野手 浅村栄斗
83%
4億5000万円 ソフトバンク 内野手 山川穂高
83%
4億円 オリックス 外野手 西川龍馬
83%
3億4000万円 阪神 内野手 大山悠輔
83%
3億円 阪神 内野手 中野拓夢
83%
3億円 DeNA 投手 山﨑康晃
83%
3億円 ロッテ 内野手 ソト
83%
2億5000万円 西武 投手 髙橋光成
83%
2億3000万円 阪神 投手 村上頌樹
83%
2億円 巨人 外野手 丸佳浩
83%
2億円 中日 投手 髙橋宏斗
83%
1億8000万円 巨人 投手 山﨑伊織
83%
4億円 ソフトバンク 外野手 周東佑京
79%
4億円 ロッテ 外野手 ポランコ
79%
3億円 DeNA 投手 東克樹
79%
2億2000万円 オリックス 投手 宮城大弥
79%
2億円 ロッテ 内野手 中村奨吾
79%
1億5000万円 ヤクルト 捕手 中村悠平
79%
1億5000万円 ソフトバンク 内野手 牧原大成
79%
1億2000万円 ソフトバンク 内野手 中村晃
79%
10億円 ソフトバンク 投手 モイネロ
76%
3億4000万円 日本ハム 投手 伊藤大海
76%
3億円 巨人 投手 則本昂大
76%
2億4000万円 巨人 投手 戸郷翔征
76%
2億円 阪神 投手 岩崎優
76%
2億円 広島 投手 大瀬良大地
76%
1億9500万円 日本ハム 外野手 万波中正
76%
1億8000万円 ソフトバンク 投手 松本裕樹
76%
1億8000万円 楽天 投手 岸孝之
76%
1億4000万円 阪神 投手 伊藤将司
76%
1億1000万円 巨人 外野手 松本剛
76%
2億円 DeNA 内野手 宮﨑敏郎
72%
1億7000万円 DeNA 外野手 佐野恵太
72%
1億6000万円 巨人 捕手 大城卓三
72%
4億5000万円 日本ハム 外野手 レイエス
69%
2億5000万円 阪神 投手 才木浩人
69%
2億円 阪神 投手 石井大智
69%
1億7000万円 広島 内野手 菊池涼介
69%
1億4000万円 広島 捕手 坂倉将吾
69%
1億3000万円 日本ハム 内野手 清宮幸太郎
69%
1億2000万円 西武 外野手 桑原将志
69%
3億5000万円 オリックス 投手 マチャド
66%
3億円 西武 内野手 源田壮亮
66%
3億円 西武 内野手 ネビン
66%
2億5000万円 巨人 外野手 キャベッジ
66%
2億円 巨人 内野手 吉川尚輝
66%
2億円 楽天 投手 前田健太
66%
1億8500万円 広島 投手 床田寛樹
66%
1億8000万円 オリックス 捕手 若月健矢
66%
1億6000万円 西武 内野手 外崎修汰
66%
1億4500万円 ロッテ 投手 小島和哉
66%
1億2500万円 中日 投手 松山晋也
66%
4億6500万円 DeNA 投手 デュプランティエ
62%
3億円 西武 投手 平良海馬
62%
3億円 ロッテ 投手 ジャクソン
62%
1億8000万円 巨人 投手 大勢
62%
1億8000万円 広島 投手 栗林良吏
62%
1億7000万円 中日 投手 大野雄大
62%
1億3000万円 中日 外野手 細川成也
62%
1億3000万円 広島 外野手 秋山翔吾
62%
1億3000万円 ロッテ 投手 種市篤暉
62%
7億円 ソフトバンク 投手 スチュワート・ジュニア
59%
3億円 DeNA 内野手 筒香嘉智
59%
2億円 ソフトバンク 内野手 今宮健太
59%
1億8400万円 広島 外野手 ファビアン
59%
1億6000万円 オリックス 投手 九里亜蓮
59%
1億6000万円 ロッテ 投手 石川柊太
59%
1億5000万円 中日 外野手 岡林勇希
59%
1億4000万円 ソフトバンク 内野手 栗原陵矢
59%
1億3000万円 阪神 投手 大竹耕太郎
59%
1億2800万円 楽天 内野手 鈴木大地
59%
1億2000万円 阪神 捕手 梅野隆太郎
59%
2億5000万円 ソフトバンク 投手 ヘルナンデス
55%
2億4000万円 楽天 内野手 ボイト
55%
1億5000万円 巨人 投手 中川皓太
55%
1億5000万円 中日 内野手 サノー
55%
1億5000万円 広島 内野手 小園海斗
55%
1億2000万円 ロッテ 投手 益田直也
55%
1億1000万円 ソフトバンク 外野手 柳町達
55%
1億1000万円 日本ハム 捕手 郡司裕也
55%
1億円 阪神 捕手 伏見寅威
55%
1億円 オリックス 内野手 中川圭太
55%
1億5000万円 巨人 内野手 ダルベック
52%
1億2000万円 中日 投手 藤嶋健人
52%
1億1600万円 広島 内野手 モンテロ
52%
3億円 日本ハム 投手 加藤貴之
48%
1億7000万円 ソフトバンク 投手 大関友久
48%
1億5000万円 ロッテ 投手 西野勇士
48%
1億2500万円 中日 投手 清水達也
48%
1億1000万円 ソフトバンク 投手 東浜巨
48%
1億6000万円 西武 投手 隅田知一郎
45%
1億5000万円 西武 外野手 林安可
45%
1億2500万円 楽天 内野手 村林一輝
45%
1億1000万円 オリックス 投手 田嶋大樹
45%
1億円 阪神 投手 及川雅貴
45%
5億円 ソフトバンク 投手 徐若熙
41%
2億5000万円 オリックス 投手 エスピノーザ
41%
1億5000万円 中日 外野手 ボスラー
41%
1億3000万円 広島 投手 島内颯太郎
41%
1億500万円 DeNA 外野手 ヒュンメル
41%
1億円 阪神 投手 ドリス
41%
1億7500万円 ヤクルト 投手 田口麗斗
38%
1億5000万円 中日 投手 アブレウ
38%
1億4000万円 DeNA 投手 伊勢大夢
38%
1億3200万円 ヤクルト 投手 キハダ
38%
1億2000万円 ヤクルト 投手 石山泰稚
38%
1億1000万円 ロッテ 内野手 藤岡裕大
38%
1億5500万円 広島 投手 ターノック
34%
1億5000万円 巨人 投手 高梨雄平
34%
1億5000万円 西武 外野手 カナリオ
34%
1億3950万円 阪神 内野手 ディベイニー
34%
1億2000万円 ソフトバンク 投手 藤井皓哉
34%
1億円 阪神 投手 岩貞祐太
34%
1億円 巨人 投手 ハワード
34%
1億円 巨人 投手 マタ
34%
1億8600万円 阪神 投手 ルーカス
31%
1億5500万円 DeNA 投手 コックス
31%
1億5000万円 オリックス 内野手 シーモア
31%
1億3000万円 楽天 外野手 マッカスカー
31%
1億1000万円 広島 投手 森浦大輔
31%
2億円 巨人 投手 ウィットリー
28%
1億6000万円 楽天 外野手 ゴンザレス
28%
1億5500万円 阪神 投手 モレッタ
28%
1億4000万円 DeNA 投手 レイノルズ
28%
1億2000万円 日本ハム 内野手 カストロ
28%
1億1625万円 広島 投手 ハーン
28%
1億円 DeNA 投手 森原康平
28%
1億円 中日 投手 松葉貴大
28%
2億円 オリックス 投手 ペルドモ
24%
1億5500万円 DeNA 投手 ルイーズ
24%
1億5000万円 巨人 投手 バルドナード
24%
1億5000万円 西武 投手 ウィンゲンター
24%
1億円 楽天 投手 宋家豪
24%
2億円 ロッテ 投手 ロング
21%
1億9000万円 楽天 投手 ウレーニャ
21%
1億2400万円 阪神 投手 ラグズデール
21%
1億1000万円 中日 投手 メヒア
21%
2億円 ロッテ 投手 カスティーヨ
17%
1億2000万円 日本ハム 投手 ラオ
17%
1億6000万円 楽天 投手 コントレラス
10%
1億5000万円 オリックス 投手 ジェリー
10%
1億2000万円 西武 投手 ワイナンス
10%
1億3000万円 西武 投手 ラミレス
7%
No matching quizzes found
Score Distribution
Percent of People with Each Score
Percentile by Number Answered
Your Score History
You have not taken this quiz